000 00282nam a2200121Ia 4500
008 190216s9999||||xx |||||||||||||| ||und||
100 _aNull
245 0 _aHindi-Sanga Samrad Pad Lekha Minan
260 _bMac Millian And Com. Ltd
300 _a244
650 _aHindi
942 _cBK
999 _c15612
_d15612